Color Math - Statistics

General Stats
  • This quiz has been taken 339 times
  • The average score is 8 of 15
Answer Stats
Hint Answer % Correct
Black + White = Gray
98%
Red + Blue = Purple
97%
Yellow + Red = Orange
94%
Red + White = Pink
94%
Green - Blue = Yellow
85%
Red - Red = White
78%
Green + Red = Black
77%
Brown + White = Tan
39%
White + Blue = Sky Blue
29%
Blue + Purple = Indigo
28%
Red + Purple = Magenta
28%
Blue + Green = Teal
25%
Purple + White = Lavender
24%
Green + White = Mint
7%
Brown + Purple = Puce
1%
No matching quizzes found
Score Distribution
Percent of People with Each Score
Percentile by Number Answered
Your Score History
You have not taken this quiz